| 000 | 00664nam a2200181 4500 | ||
|---|---|---|---|
| 008 | 160526b xxu||||| |||| 00| 0 eng d | ||
| 020 | _a01303004581 | ||
| 082 |
_22003 _aDC 610.7368 _bH67m |
||
| 100 |
_99233 _aHogan, Mary Ann |
||
| 245 |
_aMental health nursing: _breviews and rationales/ _cMary Ann Hogan and George Byron Smith. |
||
| 260 |
_aUpper Saddle River: _bPearson Education, Inc., _cc2003. |
||
| 300 |
_axvii, 323 pages: _billustrations; _c25 cm. |
||
| 500 | _aIncludes bibliographical references and appendix and index. | ||
| 650 | 0 |
_99235 _aPsychiatric nursing |
|
| 700 |
_99237 _aSmith, George Byron _eAuthor |
||
| 365 |
_b2, 000 _cPhp |
||
| 942 |
_2ddc _cDC |
||
| 999 |
_c2788 _d2788 |
||